Cетевой мониторинг программного обеспечения в информационной инфраструктуре предприятия; Технологии Microsoft в теории и практике программирования

Bibliografiske detaljer
Parent link:Технологии Microsoft в теории и практике программирования.— 2016.— [С. 202-203]
Hovedforfatter: Абраамян М. А.
Institution som forfatter: Национальный исследовательский Томский политехнический университет (ТПУ) Институт кибернетики (ИК) Кафедра оптимизации систем управления (ОСУ)
Andre forfattere: Комагоров В. П. Владимир Петрович (научный руководитель)
Summary:Заглавие с титульного экрана
The article is devoted to network monitoring software enterprises. The process of providing functional and technical state of the system are described the actual business needs of the company. The paper proposes a solution to the optimization of this process, based on the scope of activities of the enterprise.
Sprog:russisk
Udgivet: 2016
Serier:Технологии разработки и проектирования информационных систем
Fag:
Online adgang:http://earchive.tpu.ru/handle/11683/33279
Format: MixedMaterials Electronisk Book Chapter
KOHA link:https://koha.lib.tpu.ru/cgi-bin/koha/opac-detail.pl?biblionumber=620944

MARC

LEADER 00000naa2a2200000 4500
001 620944
005 20231101133133.0
035 |a (RuTPU)RU\TPU\conf\19477 
035 |a RU\TPU\conf\19476 
090 |a 620944 
100 |a 20161024d2016 k y0rusy50 ca 
101 0 |a rus 
102 |a RU 
105 |a y z 101zy 
135 |a drcn ---uucaa 
181 0 |a i  
182 0 |a b 
200 1 |a Cетевой мониторинг программного обеспечения в информационной инфраструктуре предприятия  |f М. А. Абраамян  |g науч. рук. В. П. Комагоров 
203 |a Текст  |c электронный 
225 1 |a Технологии разработки и проектирования информационных систем 
230 |a 1 компьютерный файл (pdf; 674 Kb) 
300 |a Заглавие с титульного экрана 
320 |a [Библиогр.: с. 203 (5 назв.)] 
330 |a The article is devoted to network monitoring software enterprises. The process of providing functional and technical state of the system are described the actual business needs of the company. The paper proposes a solution to the optimization of this process, based on the scope of activities of the enterprise. 
463 1 |0 (RuTPU)RU\TPU\conf\12653  |t Технологии Microsoft в теории и практике программирования  |o сборник трудов XIII Всероссийской научно-практической конференции студентов, аспирантов и молодых ученых, г.Томск, 22-23 марта 2016 г.  |f Национальный исследовательский Томский политехнический университет (ТПУ), Институт кибернетики ; ред. кол. А. В. Лиепиньш [и др.]  |v [С. 202-203]  |d 2016 
610 1 |a труды учёных ТПУ 
610 1 |a электронные ресурсы 
610 1 |a сетевой мониторинг 
610 1 |a предприятия 
610 1 |a программное обеспечение 
610 1 |a оптимизация 
610 1 |a потребности 
700 1 |a Абраамян  |b М. А. 
702 1 |a Комагоров  |b В. П.  |c специалист в области автоматического управления  |c доцент Томского политехнического унивреситета, кандидат технических наук  |f 1949-  |g Владимир Петрович  |2 stltpush  |4 727 
712 0 2 |a Национальный исследовательский Томский политехнический университет (ТПУ)  |b Институт кибернетики (ИК)  |b Кафедра оптимизации систем управления (ОСУ)  |h 127  |2 stltpush  |3 (RuTPU)RU\TPU\col\18702 
801 2 |a RU  |b 63413507  |c 20161028  |g RCR 
856 4 |u http://earchive.tpu.ru/handle/11683/33279 
942 |c BK